Háfiz of shíráz: selections from his poems

Guardat en:
Dades bibliogràfiques
Autor principal: Bicknell, Herman (Autor)
Format: Llibre
Idioma:anglès
Publicat: Londres Trübner 1875
Edició:1a. ed
Matèries:
Etiquetes: Afegir etiqueta
Sense etiquetes, Sigues el primer a etiquetar aquest registre!

MARC

LEADER 00000cam a2200000 a 4500
001 UCE7068
003 CL-VaPUC
008 150520e18750000uk |||||||||||||||||eng|d
082 0 4 |a 892.701  |b BIC  |2 21 
100 0 |a Bicknell, Herman  |e author  |9 579793 
245 1 0 |a Háfiz of shíráz: selections from his poems 
250 |a 1a. ed 
300 |a 384 p 
942 |c BK 
945 |d 20150520 16:51:00  |a arojas 
260 |a Londres  |b Trübner  |c 1875 
650 7 |a LITERATURA PERSA  |2 CL-VaPUC  |9 450258 
650 7 |a POESIAS PERSAS  |2 CL-VaPUC  |9 362117 
583 |a last modification  |c 20150520 16:51:00  |k Rodrigo Vera 
999 |c 359209  |d 359207 
952 |0 0  |1 0  |3 erd  |4 0  |6 892_701000000000000_BIC_1875  |7 0  |8 X  |9 468314  |a FDOBUD  |b FDOBUD  |i 5151848  |o 892.701 BIC 1875  |p 5151848  |r 2019-11-23  |w 2019-11-23  |y BK_X  |z Catalogado en:20150520  |k BUD